000 00727nam a2200217 4500
001 148225
003 ES-MaACL
005 20260201174912.0
007 t|
008 070214s1910 gw r ||||1| ger d
100 1 _aStolz, Friedrich.
_9108298
245 1 0 _aLateinische Grammatik
_b: Laut und Formenlehre : Syntax und Stilistik /
_cvon Friedrich Stolz und J. H. Schmalz.
250 _a4 Aufl.
260 _aMünchen :
_bOskar Beck,
_c1910.
300 _a779 p. ;
_c25 cm.
490 1 _aHandbuch der Klassischen Altertums-Wissenschaft ;
_vII-2
700 1 _aSchmalz, J. H.
_9104444
830 0 _aHandbuch der Klassischen Altertums-Wissenschaft
_vII-2
_9187502
852 _aES-MaACL
_jF-15187
999 _c148225
_d148225